LEADER 00973nam a2200229 i 4500 001 000000156944 003 CaOOAMICUS 005 20061219000000.0 008 061219s1966 it u000 u ita u 013 $a134299 040 $aSeMil$bita 100 1 $aVitzthum, Walter.$0(OLS)http://semarc/name/53444 245 10$aLuca Giordano /$c[Walter Vitzthum]. 260 $aMilano :$bFabbri,$ccopyr. 1966. 300 $a1 v., [16] p. di tav. :$bill. ;$c36 cm. 490 0 $aI maestri del colore : la pił grande collana d'arte del mondo ;$v172 600 14$aGiordano, Luca <1634-1705>.$0(OLS)http://semarc/subject/30707 830 2$aI maestri del colore : la pił grande collana d'arte del mondo ;$v172.$0(OLS)http://semarc/title/2091 850 $aSeMil 852 $aSeMil$W1$xVenegono$y1$m5H XII 2/172$j108677$B108677$CSeMilBibl$Z2$F118243 $81 996 $6245$aLuca Giordano$9(OLS)http://semarc/title/25027 996 $6260$aMilano :$bFabbri$9(OLS)http://semarc/publisher/30054 LEADER 01360nam a2200265 4500 001 000000339775 003 CaOOAMICUS 005 20200310172614.0 008 200310s1821 it a 000 u ita r 026 $aale- roli onro depr (3) 1821 (R) 040 $aSeMil$bita 245 00$aTomo 1. 264 1$aMilano :$bCoi tipi di Gio. Battista Sonzogno,$c1821. 300 $aXVIII, 1-81, [1], 1-73, [1], 1-25, [1] p., [2] c. di tav. :$britr. calcogr. ;$c4° 500 $aRitratti calcogr. incisi da Luigi Rados 500 $aContiene: Vita di Giambattista Vico scritta da lui medesimo; Vita di Gabriello Chiabrera savonese da lui medesimo scritta 700 1 $aRados, Luigi .$0(OLS)http://semarc/name/73807 700 1 $aVico, Giambattista ,$d<1668-1744>.$0(OLS)http://semarc/name/775 700 1 $aChiabrera, Gabriello,$d<1552-1638>.$0(OLS)http://semarc/name/1314 773 0 $tRaccolta di vite e memorie d'uomini illustri scritte da loro medesimi. Tomo 1. [-2.].$dMilano : Coi tipi di Gio. Battista Sonzogno, 1821.$g1$w()339774 850 $aSeMil 852 $aSeMil$W1$xVenegono$y1$m3R III 25 FA$j219228$B230969$CSeMilBibl$Z2$F230969 $8I 996 $6245$aTomo 1$9(OLS)http://semarc/title/46685 996 $6264$aMilano :$bCoi tipi di Gio. Battista Sonzogno$9(OLS)http://semarc/publisher/58903